000
00338nam a2200145Ia 4500
008
150201s2005 xx 000 0 und d
082
_a
615.83
_b
T2005P
100
_a
PORTER STURAT
245
_a
TIDYS PHYSIOTHERAPY
250
_a
13TH
260
_b
ELSEVIER
_a
DELHI
_c
2005
300
_a
1-610
650
_a
PHYSIOTHERAPY
942
_2
ddc
_c
BK
999
_c
3911
_d
3911